| 000 | 00000nas 2200000zi 4500 |
| 001 | 9.950439 |
| 003 | CaOODSP |
| 005 | 20250703135042 |
| 006 | m o d f |
| 007 | cr cn |||||||| |
| 008 | 250424c20199999onchr p o s f0 b0fre|d |
| 020 | |z9780660410265 |
| 022 | |a2819-2443 |
| 040 | |aCaOODSP|bfre|erda|cCaOODSP |
| 043 | |an-cn--- |
| 086 | 1 |aHP37-55F-PDF|zHP2-4/2019F-5-PDF |
| 222 | 0|aPorcs |b(Programme intégré canadien de surveillance de la résistance aux antimicrobiens) |
| 245 | 00|aPorcs / |cPICRA, Programme intégré canadien de surveillance de la résistance aux antimicrobiens. |
| 246 | 13|aProgramme intégré canadien de surveillance de la résistance aux antimicrobiens (PICRA) ..., porcs |
| 264 | 1|a[Ottawa] : |bAgence de la santé publique du Canada, |c2022- |
| 310 | |aTriennal |
| 336 | |atexte|btxt|2rdacontent/fre |
| 337 | |ainformatique|bc|2rdamedia/fre |
| 338 | |aressource en ligne|bcr|2rdacarrier/fre |
| 362 | 1 |aParaît depuis : 2019. |
| 500 | |aPublié aussi en anglais sous le titre : Pigs. |
| 588 | |aDescription d'après : 2019; titre de la page couverture du fichier PDF. |
| 588 | |aDernière livraison consultée : 2022. |
| 650 | 6|aPorcs|xMaladies|zCanada|xPrévention|vStatistiques|vPériodiques. |
| 650 | 6|aAntiinfectieux en médecine vétérinaire|zCanada|vStatistiques|vPériodiques. |
| 650 | 6|aMicro-organismes|xRésistance aux médicaments|zCanada|vStatistiques|vPériodiques. |
| 655 | 7|aPériodiques|2rvmgf |
| 655 | 7|aStatistiques|2rvmgf |
| 710 | 2 |aProgramme intégré canadien de surveillance de la résistance aux antimicrobiens, |eorganisme de publication. |
| 710 | 2 |aAgence de santé publique du Canada, |eorganisme de publication. |
| 775 | 08|tPigs / |w(CaOODSP)9.950437 |